Víceúrovňový přístup k modelování podnikových procesů na bázi hodnotových řetězců

Modelovanie podnikových procesov s využitím ontológie REA ako moderného nástroja pre viacúrovňové modelovanie. Využitie tejto metodológie k modelovaniu podnikových ekonomických procesov. Vymedzenie viacúrovňového prístupu k ontológii REA.

Salvato in:
Dettagli Bibliografici
Autore principale: Hučka, Miroslav
Altri autori: Huňka, František, Kašík, Josef, Vymětal, Dominik
Natura: Capitolo di libro
Lingua:ceco
Soggetti:
Tags: Aggiungi Tag
Nessun Tag, puoi essere il primo ad aggiungerne!!

MARC

LEADER 00000naa$a2200000$$$4500
001 0111309
005 20231128130617.2
041 0 |a cze 
044 |a CZ 
245 1 0 |a Víceúrovňový přístup k modelování podnikových procesů na bázi hodnotových řetězců  |c Miroslav Hučka, Huňka František, Josef Kašík, Dominik Vymětal 
520 |a Modelovanie podnikových procesov s využitím ontológie REA ako moderného nástroja pre viacúrovňové modelovanie. Využitie tejto metodológie k modelovaniu podnikových ekonomických procesov. Vymedzenie viacúrovňového prístupu k ontológii REA. 
610 2 0 |a procesy podnikové 
610 2 0 |a zdroje finančné 
610 2 0 |a metódy simulačné 
610 2 0 |a modelovanie ekonometrické 
100 1 |a Hučka, Miroslav 
700 1 |a Huňka, František 
700 1 |a Kašík, Josef 
700 1 |a Vymětal, Dominik